000 00573nam a22001937a 4500
999 _c10582
_d10582
003 AR-CdUCM
008 190401b ||||| |||| 00| 0 spa d
040 _aMUNICIPALIDAD PROVINCIAL DEL CUSCO
_cBIBLIOTECA MUNICIPAL DEL CUSCO
082 _aEP / 803 /
_bB37
100 _aBeaumont
_927531
245 _aAngelino Serafino en un día feliz /
260 _aBarcelona :
_bEdit.Valles,
_c1969.
300 _a17 paginas ;
_c25 cm.
505 _aContenido :Cuento /
650 _aEducación primaria
_91561
650 _aCuento
_94671
942 _2ddc
_cLIBROS
945 _arjall